Central Library OPAC University of Rajshahi

Essays old and new / (Record no. 21887)

MARC details
000 -LEADER
fixed length control field 00651cam a22002293a 4500
001 - CONTROL NUMBER
control field 21887
003 - CONTROL NUMBER IDENTIFIER
rucl marc code BD-RjUL
005 - DATE AND TIME OF LATEST TRANSACTION
control field 20211209000736.0
008 - FIXED-LENGTH DATA ELEMENTS--GENERAL INFORMATION
fixed length control field 140305r19351931e 001 0 und d
035 ## - SYSTEM CONTROL NUMBER
System control number (BD-RjUL)21952
040 ## - CATALOGING SOURCE
Original cataloging agency EQO
Transcribing agency EQO
Language of cataloging eng
Modifying agency BD-RjUL
041 ## - LANGUAGE CODE
Language code of text/sound track or separate title eng
082 04 - DEWEY DECIMAL CLASSIFICATION NUMBER
Classification number 824
Author mark and year ESS 1935
245 00 - TITLE STATEMENT
Title Essays old and new /
Statement of responsibility, etc. ed. by H. Barnes
260 ## - PUBLICATION, DISTRIBUTION, ETC. (IMPRINT)
Place of publication, distribution, etc. London :
Name of publisher, distributor, etc. George G. Happap,
Date of publication, distribution, etc. 1931 [reprinted 1935].
300 ## - PHYSICAL DESCRIPTION
Pagination 234 p.
Size 18 cm.
490 1# - SERIES STATEMENT
Series statement Harrap's jun. mod. Engl. ser
650 ## - SUBJECT ADDED ENTRY--TOPICAL TERM
Topical term or geographic name as entry element English essays.
9 (RLIN) 67576
700 1# - ADDED ENTRY--PERSONAL NAME
Personal name Barnes, H.
830 #0 - SERIES ADDED ENTRY--UNIFORM TITLE
Uniform title Harrap's jun. mod. Engl. ser
942 ## - ADDED ENTRY ELEMENTS (KOHA)
Source of classification or shelving scheme Dewey Decimal Classification
Koha item type Books
Holdings
Lost status Source of classification or shelving scheme Damaged status Not for loan Collection code Permanent Location Current Location Shelving location Date acquired Source of acquisition Total Checkouts Full call number Date last seen Copy number Koha item type
  Dewey Decimal Classification     Fiction Central Library, University of Rajshahi Central Library, University of Rajshahi   28/04/1966 Australia.   824 ESS 1935 05/03/2014 C-2 Books